Analýza chudoby na základe údajov EU SILC 2006: využitie modelu logistickej regresie

Meranie chudoby na Slovensku. Zdroje údajov, predmet a ciele analýzy. Logistická regresia, modely. Výsledky analýzy.

Enregistré dans:
Détails bibliographiques
Auteur principal: Labudová, Viera, 1958-
Autres auteurs: Šoltés, Erik, 1974-
Format: Chapitre de livre
Langue:slovaque
Sujets:
Tags: Ajouter un tag
Pas de tags, Soyez le premier à ajouter un tag!

MARC

LEADER 00000naa$a2200000$$$4500
001 0093357
005 20240502072036.1
041 0 |a slo 
044 |a SK 
245 1 0 |a Analýza chudoby na základe údajov EU SILC 2006: využitie modelu logistickej regresie  |c Viera Labudová, Erik Šoltés 
520 |a Meranie chudoby na Slovensku. Zdroje údajov, predmet a ciele analýzy. Logistická regresia, modely. Výsledky analýzy. 
610 2 0 |a chudoba 
610 2 0 |a údaje štatistické 
610 2 0 |a modely regresné 
610 2 0 |a modely logistické 
610 2 0 |a analýza štatistická 
610 2 0 |a Slovensko 
100 1 |a Labudová, Viera, 1958- 
700 1 |a Šoltés, Erik, 1974-